| Tag |
First Indicator |
Second Indicator |
Subfields |
| LEADER |
00000cam a2200000 a 4500 |
| 001 |
in00001456413 |
| 005 |
20151020174633.0 |
| 008 |
980313s1998 nyu b 001 0 eng |
| 010 |
|
|
|a 98003806
|
| 015 |
|
|
|a GB98-72447
|
| 019 |
|
|
|a 40229421
|
| 020 |
|
|
|a 0801435277 (alk. paper)
|
| 035 |
|
|
|a (OCoLC)38752904
|
| 035 |
|
|
|9 AJD1520AM
|
| 040 |
|
|
|a DLC
|c DLC
|d C#P
|d UKM
|d TXA
|d UtOrBLW
|
| 043 |
|
|
|a e-uk-en
|
| 049 |
|
|
|a TXAM
|
| 050 |
0 |
0 |
|a BR747
|b .L86 1998
|
| 082 |
0 |
0 |
|a 274.2/02
|2 21
|
| 100 |
1 |
|
|a Lynch, Joseph H.,
|d 1943-2008.
|
| 245 |
1 |
0 |
|a Christianizing kinship :
|b ritual sponsorship in Anglo-Saxon England /
|c Joseph H. Lynch.
|
| 264 |
|
1 |
|a Ithaca, NY :
|b Cornell University Press,
|c 1998.
|
| 300 |
|
|
|a xiii, 272 pages ;
|c 24 cm.
|
| 336 |
|
|
|a text
|b txt
|2 rdacontent
|
| 337 |
|
|
|a unmediated
|b n
|2 rdamedia
|
| 338 |
|
|
|a volume
|b nc
|2 rdacarrier
|
| 504 |
|
|
|a Includes bibliographical references (pages 235-263) and index.
|
| 650 |
|
0 |
|a Sponsors
|z England.
|
| 650 |
|
0 |
|a Anglo-Saxons
|x Kinship.
|
| 651 |
|
0 |
|a England
|x Religious life and customs.
|
| 651 |
|
0 |
|a England
|x Church history
|y 449-1066.
|
| 948 |
|
|
|a c:jh
|
| 999 |
|
|
|a MARS
|
| 999 |
f |
f |
|s 69e3f424-8a11-3cdd-9444-b7594321a582
|i 8e5f4901-2baa-323e-b0f9-9a4251508dd5
|t 0
|
| 952 |
f |
f |
|p ric
|a Texas A&M University
|b Rellis Campus
|c Joint Library Facility
|d Remote Storage
|t 0
|e BR747 .L86 1998
|h Library of Congress classification
|i unmediated -- volume
|m A14823707157
|
| 998 |
f |
f |
|a BR747 .L86 1998
|t 0
|l Remote Storage
|